000 00641nam a2200229 a 4500
001 0001-1047
003 ELIB.Books
008 141126 2010 eng
020 _a13: 9789814305860
035 _a(ELIB.Books)0001-1202
092 _a266
_bKoh
100 _aKoh, Daniel K. S.
245 _aChristian Ministry: Love in Action
_bEssays in Honour of Rev Dr. George Wan Tian Soo
260 _aSingapore
_bMethodist Welfare Services
_c2012
300 _a230
_c21 Cm
650 _aMission
856 _nKBTS; Library
_uKBTS; Elib.
942 _2ddc
_cBK
990 _a1
998 _cbat
_e2014-11-26
999 _c11047
_d11047